Средства кодирования предикативной посессивности в западных диалектах хантыйского языка; Первая конференция по уральским, алтайским и палеоазиатским языкам. Памяти Александра Павловича Володина (1935-2017 ГГ.)

Opis bibliograficzny
Parent link:Первая конференция по уральским, алтайским и палеоазиатским языкам. Памяти Александра Павловича Володина (1935-2017 ГГ.).— 2018.— [С. 18-20]
1. autor: Воробьёва В. В. Виктория Владимировна
Korporacja: Национальный исследовательский Томский политехнический университет Школа базовой инженерной подготовки Отделение иностранных языков
Kolejni autorzy: Новицкая И. В. Ирина Владимировна
Streszczenie:Заглавие с экрана
Język:rosyjski
Wydane: 2018
Hasła przedmiotowe:
Dostęp online:https://iling.spb.ru/events/volodin2018/abstracts.pdf#page=18
Format: Elektroniczne Rozdział
KOHA link:https://koha.lib.tpu.ru/cgi-bin/koha/opac-detail.pl?biblionumber=659726

MARC

LEADER 00000naa0a2200000 4500
001 659726
005 20250827154839.0
035 |a (RuTPU)RU\TPU\network\28497 
035 |a RU\TPU\network\22302 
090 |a 659726 
100 |a 20190326d2018 k y0rusy50 ca 
101 0 |a rus 
102 |a RU 
135 |a drcn ---uucaa 
181 0 |a i  
182 0 |a b 
200 1 |a Средства кодирования предикативной посессивности в западных диалектах хантыйского языка  |f В. В. Воробьёва, И. В. Новицкая 
203 |a Текст  |c электронный 
300 |a Заглавие с экрана 
463 |t Первая конференция по уральским, алтайским и палеоазиатским языкам. Памяти Александра Павловича Володина (1935-2017 ГГ.)  |o тезисы докладов международной научной конференции, Санкт-Петербург 6-8 декабря 2018 г.  |f Российская академия наук (РАН), Институт лингвистических исследований (ИЛИ)  |v [С. 18-20]  |d 2018 
610 1 |a электронный ресурс 
610 1 |a труды учёных ТПУ 
610 1 |a кодирование 
610 1 |a хантыйский язык 
610 1 |a диалекты 
700 1 |a Воробьёва  |b В. В.  |c лингвист  |c доцент Томского политехнического университета, кандидат филологических наук  |f 1976-  |g Виктория Владимировна  |3 (RuTPU)RU\TPU\pers\30881  |9 15127 
701 1 |a Новицкая  |b И. В.  |g Ирина Владимировна 
712 0 2 |a Национальный исследовательский Томский политехнический университет  |b Школа базовой инженерной подготовки  |b Отделение иностранных языков  |3 (RuTPU)RU\TPU\col\23510 
801 1 |a RU  |b 63413507  |c 20141010 
801 2 |a RU  |b 63413507  |c 20191113  |g RCR 
856 4 |u https://iling.spb.ru/events/volodin2018/abstracts.pdf#page=18 
942 |c CF